00617cam a22002173a 45000010005000000030006000050050017000110080041000280400015000690420007000840500007000911000034000982450069001322600029002015060030002305160020002606530018002806530032002988300028003308560041003583718PGUSA20140828083037.0030201s2003||||xxu|||||s|||||000 1 eng d aPGUSAbeng adc 4aPR1 aTrollope, Anthony,d1815-188210aGeorge Walker at Suezh[electronic resource] /cAnthony Trollope bProject Gutenberg,c2003 aPublic domain in the USA. aElectronic text aShort stories aBritish -- Egypt -- Fiction 0aProject Gutenbergv371840uhttp://www.gutenberg.org/ebooks/3718